000 00767nam a22002297a 4500
999 _c7686
_d7686
003 OSt
005 20220214164345.0
008 220214b ||||| |||| 00| 0 eng d
020 _a9781412992077
040 _cDDC
082 _a514.74 MCM 2012
100 _aMcMichael, Philip.
_915705
245 _aDevelopment and social change :
_ba global perspective
250 _aFifth edition.
260 _aLos Angeles :
_bSAGE, [2012]
_c©2012
300 _axxi, 383 pages :
_b illustrations, maps ;
_c23 cm
504 _aIncludes bibliographical references and index
650 _aEconomic development projects -- History
_915706
650 _aEconomic development -- History.
_915707
650 _aCompetition, International -- History.
_915708
942 _2ddc
_cBOOK